01693cam a22003857a 4500003000500000005001700005008004100022010001000063011001000073035001000083040000900093090001000102100003700112245014300149260004100292300002200333502007500355590003700430590004100467590004100508590004100549590004200590650003300632650002600665901000700691905002400698942000900722949005500731949005500786949004200841999001700883952014000900952014001040952012701180CHAP20251002103646.0990211d1998 mx r 00110 spa d a77010 a77982 a87758 cCHAP aTesis00aLlamas Pérez, Salvador.96724010aEfectos de la frecuencia de corte sobre el rendimiento y calidad de pasto Digitaria decumbens, var. Transvalc/por Salvador LLamas Pérez aChapingo, Méx. :bEl autor,c1998. a65 h. :bgráfs. aTesis (Ing. Agr. Esp. en Zootecnia) -- UACH. Departamento de Zootecnia aALEPHb10c20130110lUCH01h1427 aBATCH-UPDb10c20130110lUCH01h2249 aBATCH-UPDb10c20130410lUCH01h1542 aBATCH-UPDb10c20130914lUCH01h1203 aCONVERSIONb10c20130109lUCH01h134217aDigitaria decumbens293257514aPastosxCorte.986011 aBK aMayto Villalobos S. cFOLL bBCcTESd33724000710703eTS2fc.2h33617i87758si bBCcTESd33724000760799eTS2fc.3h35845i87758sb bBCcTESd877581eTS1h33616i87758sb c77010d77010 00102local4053708TESISaBCbBCcPA_TESISd2019-12-31fTESISl0oTesisp33724000710703r2019-12-31 00:00:00tc.2w2019-12-31yTESIS 00102local4053708TESISaBCbBCcPA_TESISd2019-12-31fTESISl0oTesisp33724000760799r2019-12-31 00:00:00tc.3w2019-12-31yTESIS 00102local4051708TESISaBCbBCcPA_TESISd2019-12-31fTESISl0oTesisp877581r2019-12-31 00:00:00w2019-12-31yTESIS